| 000 | 00408nam a2200145 a 4500 | ||
|---|---|---|---|
| 001 | 000031874 | ||
| 005 | 20200930063240.0 | ||
| 008 | 110707s200? 000 0 spa d | ||
| 040 |
_aDO-SdBNP _bspa _cBNPHU |
||
| 082 |
_axxxx _bL655 |
||
| 245 | 0 | 0 | _aLevantate, actĂșa contra la pobreza y la desigualdad. |
| 260 |
_a[Santo Domingo] : _bGCAP-RD : _bCIPAF, _c[200?]. |
||
| 300 |
_a11 p. ; _c15 cm. |
||
| 049 | _aBNPD | ||
| 999 |
_c31366 _d31366 |
||